000 00975cam a2200289 i 4500
999 _c8833
_d8833
001 8833
003 BD-JhCC
005 20180304135010.0
008 781006s1969 enk 000 0 eng
020 _a0194313239
035 _a(BD-JhCC)8833
040 _aDLC
_cDLC
_dDLC
_dBD-JhCC
041 _aeng
050 0 0 _aPE1128
_b.T39 1974
082 0 0 _a428/.2/4
_bTHO 1974
100 1 _aThomson, A. J.
_q(Audrey Jean)
245 1 2 _aA practical English grammar /
_cA. J. Thomson, and A. V. [i.e. W] Martinet.
250 _a2d ed.
260 _aLondon :
_bOxford University Press,
_c1969, 1974 printing.
300 _axi, 275 p. ;
_c21 cm.
500 _aFirst ed. published in 1960 under title: A practical English grammar for foreign students.
650 0 _aEnglish language
_xTextbooks for foreign speakers.
650 0 _aEnglish language
_xGrammar
_xProblems, exercises, etc.
700 1 _aMartinet, A. V.
_q(Agnes V.),
942 _2ddc
_cBK